Statistics for Landmarks by Letter H - Picture Quiz

Click here to take the quiz!

General Stats

  • This quiz has been taken 112 times
  • The average score is 7 of 15

Answer Stats

Answer% Correct
{Hollywood} Sign
98%
Hagia Sophia
84%
Hoover Dam
84%
Hadrian's Wall
81%
{Harvard} University
73%
{Hyde} Park
59%
{Hermitage} Museum
56%
{Haight}-Ashbury
39%
{Holocaust} Memorial
35%
Heathrow
24%
{Hiroshima} Peace Memorial Park
24%
{Habsburg} Castle
14%
Lake {Havasu}
12%
{Hastings} Castle
9%
{Hofburg} Castle
4%

Score Distribution

Percentile by Number Answered

Percent of People with Each Score

Your Score History

You have not taken this quiz